Statistics for Boston Brahmin Family Names

Click here to take the quiz!

General Stats

  • This quiz has been taken 11 times
  • The average score is 8 of 62

Answer Stats

Answer% Correct
Adams
82%
Lodge
64%
Cabot
45%
Coolidge
36%
Lowell
36%
Jackson
27%
Lawrence
27%
Phillips
27%
Saltonstall
27%
Weld
27%
Amory
18%
Appleton
18%
Bacon
18%
Bates
18%
Choate
18%
Cooper
18%
Crowninshield
18%
Cushing
18%
Eliot
18%
Emerson
18%
Gardner
18%
Holmes
18%
Otis
18%
Peabody
18%
Winthrop
18%
Boylston
9%
Bradlee
9%
Brinley
9%
Chafee
9%
Coffin
9%
Dana
9%
Dudley
9%
Endicott
9%
Everett
9%
Forbes
9%
Palfrey
9%
Perkins
9%
Quincy
9%
Rice
9%
Sears
9%
Thayer
9%
Warren
9%
Delano
0%
Dwight
0%
Fabens
0%
Gillett
0%
Hallowell
0%
Healey/Dall
0%
Knowles
0%
Lyman
0%
Minot
0%
Norcross
0%
Oakes
0%
Paine
0%
Parkman
0%
Putnam
0%
Sargent
0%
Sedgwick
0%
Thorndike
0%
Tudor
0%
Whitney
0%
Wigglesworth
0%

Score Distribution

Percentile by Number Answered

Percent of People with Each Score

Your Score History

You have not taken this quiz